| 000 | 00877nam a22002652 4500 | ||
|---|---|---|---|
| 001 | 0000004859 | ||
| 005 | 20151217151942.0 | ||
| 008 | 070530s xx 000 0 eng d | ||
| 020 | _a0471169587 : | ||
| 040 |
_aKABU _cKABU |
||
| 050 | 0 |
_aR346 _b.C66 1998 |
|
| 245 | 1 | 0 |
_aComprehensive neurology / _cedited by Roger N. Rosenberg, David E. Pleasure. |
| 250 | _a2nd ed. | ||
| 260 |
_aNew York : _bJohn Wiley & Sons, _c1998. |
||
| 300 |
_axii, 948 p. : _bill. ; _c29 cm. |
||
| 650 | 0 |
_aNervous system _xDiseases. _@0000155741 |
|
| 650 | 0 |
_aNeurology. _@0000155742 |
|
| 700 | 1 |
_aRosenberg, Roger N. _@0000155743 |
|
| 700 | 1 |
_aPleasure, David E. _@0000155744 |
|
| 908 | _a070530 | ||
| 950 | _@1 | ||
| 999 |
_c6687 _d6687 |
||